000 00542nam a2200169Ia 4500
008 090201s9999 xx 000 0 und d
010 _aKPL-54765
040 _bमराठी
041 _aमराठी
082 _a39024
_b54765
100 _aसरोजिनी शारंगपाणी
245 _aगांधारी
_cसरोजिनी शारंगपाणी
260 _c2004
_bरविराज प्रकाशन
300 _a172
_bमोठा
600 _aगांधारी
942 _cBOOK
999 _c236432
_d236432